000 00521nam a22001937a 4500
005 20251108173504.0
008 250721s2003 xx 000 0 eng d
082 1 4 _aJ/179.9/SCH
100 1 _aSchuette, Sarah L
245 1 0 _aI Am Honest /
264 1 _aMinnesota :
_bCapstone Press,
_c2003.
300 _a24p:ill
490 0 _aCharacter Values
650 1 7 _aHONESTY
653 _aاطفال مرحله متوسطه (6-9)سنوات
700 1 _aSaunders-Smith, Gail
_eEd.
942 _2ddc
_cBK
999 _c105097
_d105097